Chemical studies of effluents from rubber industry (Record no. 74633)

MARC details
000 -LEADER
fixed length control field 00358nam a2200133Ia 4500
100 ## - MAIN ENTRY--AUTHOR NAME
Personal name Ponnamma, M.M.
245 #0 - TITLE STATEMENT
Title Chemical studies of effluents from rubber industry
260 ## - PUBLICATION, DISTRIBUTION, ETC. (IMPRINT)
Name of publisher University of Bombay
Place of publication Bombay
Year of publication 1995
300 ## - PHYSICAL DESCRIPTION
Number of Pages 262
500 ## - GENERAL NOTE
General note Course: Ph. D
700 ## - ADDED ENTRY--PERSONAL NAME
Personal name Dr SS Dhaktode
942 ## - ADDED ENTRY ELEMENTS (KOHA)
Koha item type Theses
Holdings
Withdrawn status Lost status Damaged status Not for loan Collection code Home library Current library Shelving location Date acquired Koha item type
      Theses Thesis RRII Library RRII Library Rubber technology 31/12/2021 Theses